<?xml version="1.0" encoding="UTF-8"?>
<record
    xmlns:xsi="http://www.w3.org/2001/XMLSchema-instance"
    xsi:schemaLocation="http://www.loc.gov/MARC21/slim http://www.loc.gov/standards/marcxml/schema/MARC21slim.xsd"
    xmlns="http://www.loc.gov/MARC21/slim">

  <leader>02084nam a2200313 i 4500</leader>
  <controlfield tag="001">000020191</controlfield>
  <controlfield tag="003">DO-SdBPM</controlfield>
  <controlfield tag="005">20250822085411.0</controlfield>
  <controlfield tag="007">ta</controlfield>
  <controlfield tag="008">100727s2008    dr a    000 0 spa d</controlfield>
  <datafield tag="040" ind1=" " ind2=" ">
    <subfield code="a">DO-SdBPM</subfield>
    <subfield code="b">spa</subfield>
    <subfield code="c">BPMSU </subfield>
    <subfield code="e">rda</subfield>
  </datafield>
  <datafield tag="049" ind1=" " ind2=" ">
    <subfield code="a"> </subfield>
  </datafield>
  <datafield tag="082" ind1=" " ind2="4">
    <subfield code="a">972.93054 </subfield>
    <subfield code="b">H887h 2008</subfield>
    <subfield code="2">22</subfield>
  </datafield>
  <datafield tag="245" ind1="0" ind2="0">
    <subfield code="a">Huellas de h&#xE9;roes, Abril 1965, efem&#xE9;rides de una gesta /</subfield>
    <subfield code="c">dibujos: Rafael Hutchinson</subfield>
  </datafield>
  <datafield tag="250" ind1=" " ind2=" ">
    <subfield code="a">2a. edici&#xF3;n ampliada y revisada</subfield>
  </datafield>
  <datafield tag="264" ind1=" " ind2=" ">
    <subfield code="a">Santo Domingo :</subfield>
    <subfield code="b">Talleres Gr&#xE1;ficos 16,</subfield>
    <subfield code="b">CPEP,</subfield>
    <subfield code="c">2008.</subfield>
  </datafield>
  <datafield tag="300" ind1=" " ind2=" ">
    <subfield code="a">17 [2] p&#xE1;ginas</subfield>
    <subfield code="b">ilustraciones</subfield>
    <subfield code="c">22 cm.</subfield>
  </datafield>
  <datafield tag="336" ind1=" " ind2=" ">
    <subfield code="2">rdacontent</subfield>
    <subfield code="a">texto</subfield>
    <subfield code="b">txt</subfield>
  </datafield>
  <datafield tag="337" ind1=" " ind2=" ">
    <subfield code="2">rdamedia</subfield>
    <subfield code="a">sin mediaci&#xF3;n</subfield>
    <subfield code="b">n</subfield>
  </datafield>
  <datafield tag="338" ind1=" " ind2=" ">
    <subfield code="2">rdacarrier</subfield>
    <subfield code="a">volumen</subfield>
    <subfield code="b">nc</subfield>
  </datafield>
  <datafield tag="505" ind1="0" ind2=" ">
    <subfield code="a">Presentaci&#xF3;n. 1 - Jos&#xE9; Francisco Pe&#xF1;a G&#xF3;mez convoca a la revoluciona constitucionalista. 2 - Derrocamiento del Triunvirato presidido por Donald J. Reid Cabral. 3 - Bombardeos sobre Palacio y Puente Duarte. La Batalla del Puente. 4 - Invasi&#xF3;n militar de Estados Unidos. 5 - Establecimiento del "Corredor de seguridad". 6. - Los Constitucionalistas se atrincheran en 11 barrios de Santo Domingo. 7. - Tomas de la Fortaleza Ozama por los Constitucionalistas. 9 - juramentaci&#xF3;n del Gobierno Constitucionalista. 10. - Creaci&#xF3;n de la Fuerza Interamericana de Paz. 11 - Asalto al Palacio Nacional 12 - Asedio de Santo Domingo desde la azotea de Molinos Dominicanos. 13 - Ataques norteamericanos a la 15 y 16 de junio. 14 - Segundo ataque norteamericano a la Zona Constitucionalista. 15 - Firma de los acuerdos de paz. 16 - Renuncia del presidente Francisco Alberto Caama&#xF1;o De&#xF1;o. 17. - Toma de posesi&#xF3;n del gobierno provisional de H&#xE9;ctor Garc&#xED;a-Godoy. 18 - Regreso de Juan Bosch</subfield>
  </datafield>
  <datafield tag="590" ind1=" " ind2=" ">
    <subfield code="a">Inventariado, 2025/ VM</subfield>
  </datafield>
  <datafield tag="651" ind1=" " ind2="7">
    <subfield code="a">Rep&#xFA;blica dominicana</subfield>
    <subfield code="x">Historia</subfield>
    <subfield code="y">Revoluci&#xF3;n, 1965 </subfield>
  </datafield>
  <datafield tag="651" ind1=" " ind2="7">
    <subfield code="a">Rep&#xFA;blica Dominicana  	</subfield>
    <subfield code="x">Historia </subfield>
    <subfield code="y">Golpe de Estado, 1963 </subfield>
  </datafield>
  <datafield tag="700" ind1="1" ind2=" ">
    <subfield code="a">Hutchinson, Rafael</subfield>
    <subfield code="e">ilustraci&#xF3;n </subfield>
  </datafield>
  <datafield tag="710" ind1="2" ind2=" ">
    <subfield code="a">Rep&#xFA;blica Dominicana</subfield>
    <subfield code="b">Comisi&#xF3;n Permanente de Efem&#xE9;rides Patria</subfield>
  </datafield>
  <datafield tag="910" ind1=" " ind2=" ">
    <subfield code="a">VMateo V. Control de dalidad. BPMSU </subfield>
  </datafield>
  <datafield tag="942" ind1=" " ind2=" ">
    <subfield code="2">ddc</subfield>
    <subfield code="c">BK</subfield>
  </datafield>
  <datafield tag="952" ind1=" " ind2=" ">
    <subfield code="0">0</subfield>
    <subfield code="1">0</subfield>
    <subfield code="2">ddc</subfield>
    <subfield code="4">0</subfield>
    <subfield code="7">0</subfield>
    <subfield code="8">CD</subfield>
    <subfield code="a">BPMET</subfield>
    <subfield code="b">BPMET</subfield>
    <subfield code="d">2025-08-22</subfield>
    <subfield code="l">0</subfield>
    <subfield code="o">BPMSU CD 972.93054  H887h 2008</subfield>
    <subfield code="p">BPMSU25080067</subfield>
    <subfield code="r">2025-08-22</subfield>
    <subfield code="w">2025-08-22</subfield>
    <subfield code="y">BK</subfield>
  </datafield>
  <datafield tag="999" ind1=" " ind2=" ">
    <subfield code="c">15350</subfield>
    <subfield code="d">15350</subfield>
  </datafield>
</record>
